000 01379nam0a2200361 4500
001 RU\NLR\bibl\403636
005 20260130150126.0
010 _a5-314-00176-4
_94000
021 _aRU
_b2003-18453
_9847
035 _a(NLR Aleph) 000397773
090 _a555844
_c555844
100 _a20030529d2003 u y0rusy50 ca
101 0 _arus
102 _aRU
105 _aa |||||||||
200 1 _aРазработка приложений на C++ и C#
_fНиколай Секунов
210 _aСПб. и др.
_cПитер
_cПитер Принт
_d2003
215 _a607 с.
_cил.
_d24
225 1 _aБиблиотека программиста
313 _aклиент-серверные приложения для Интернета
320 _aАлф. указ.: с. 600-607
606 0 _aC++, язык программирования
_92072018
_3RU\NLR\auth\661246828
606 0 _aC#, язык программирования
_92206739
_3RU\NLR\auth\661325801
606 0 _aВычислительные сети
_xПрограммирование
_92168357
_3RU\NLR\auth\661304508
686 _aЗ973.23-018.1
686 _aЗ988.02-018
700 1 _aСекунов
_bН. Ю.
_gНиколай Юрьевич
_4070
801 0 _aRU
_bNLR
_c20030529
_gPSBO
801 1 _aRU
_bNLR
_c20030529
942 _cBOOK
980 _aNB